LEADER 00893nam1-2200349---450- 001 990000758610203316 035 $a0075861 035 $aUSA010075861 035 $a(ALEPH)000075861USA01 035 $a0075861 100 $a20011121d--------km-y0itay0103----ba 101 $ager 102 $aUS 105 $a||||||||001yy 200 1 $a<> dorische Kreta$fErnst Kirsten 210 $aChicago$cAres 215 $av.$d24 cm 410 $12001 461 1$1001-------$12001 606 0 $aCreta$xStoria 676 $a939.18 700 1$aKIRSTEN,$bErnst$0179140 801 0$aIT$bsalbc$gISBD 912 $a990000758610203316 951 $aII t B 456$bLM$cII t B 959 $aBK 969 $aUMA 979 $aPATTY$b90$c20011121$lUSA01$h1358 979 $c20020403$lUSA01$h1723 979 $aPATRY$b90$c20040406$lUSA01$h1652 996 $aDorische Kreta$9964673 997 $aUNISA LEADER 01895oam 2200541M 450 001 9910715588203321 005 20191116081229.2 035 $a(CKB)5470000002512169 035 $a(OCoLC)1065899136 035 $a(OCoLC)995470000002512169 035 $a(EXLCZ)995470000002512169 100 $a20070221d1828 ua 0 101 0 $aeng 135 $aurcn||||||||| 181 $ctxt$2rdacontent 182 $cc$2rdamedia 183 $acr$2rdacarrier 200 10$aBezaleel Wells. Petition for increased protection to woollen manufactures. January 22, 1828. Referred to the Committee on Manufactures 210 1$a[Washington, D.C.] :$c[publisher not identified],$d1828. 215 $a1 online resource (4 pages) 225 1 $aHouse document / 20th Congress, 1st session. House ;$vno. 83 225 1 $a[United States congressional serial set ] ;$v[serial no. 171] 300 $aBatch processed record: Metadata reviewed, not verified. Some fields updated by batch processes. 300 $aFDLP item number not assigned. 606 $aForeign trade promotion 606 $aForeign trade and employment 606 $aImports 606 $aManufacturing industries 606 $aProtectionism 606 $aTariff 606 $aWool fabrics 608 $aLegislative materials.$2lcgft 615 0$aForeign trade promotion. 615 0$aForeign trade and employment. 615 0$aImports. 615 0$aManufacturing industries. 615 0$aProtectionism. 615 0$aTariff. 615 0$aWool fabrics. 701 $aWells$b Bezaleel$01392689 801 0$bWYU 801 1$bWYU 801 2$bOCLCO 801 2$bOCLCQ 906 $aBOOK 912 $a9910715588203321 996 $aBezaleel Wells. Petition for increased protection to woollen manufactures. January 22, 1828. Referred to the Committee on Manufactures$93447820 997 $aUNINA